000 00256nam a22001217a 4500
008 260316b ||||| |||| 00| 0 eng d
041 _aeng
080 _a2.1
100 _a22
101 _aekon
245 _aRaportimi Financiar
_c IKAF
942 _2udc
_cBK
999 _c60902
_d60902